[Event "April 9 Early 2024"]
[Site "Chess.com"]
[Date "2024.04.09"]
[Round "9"]
[White "Hua, Lefong"]
[Black "Parfenov, Viktor N."]
[Result "0-1"]
[Board "110"]
[WhiteFideId "2602253"]
[BlackFideId "4165969"]
[WhiteTitle "FM"]
[BlackTitle "CM"]
[WhiteElo "2601"]
[BlackElo "2468"]
[WhiteTeam "CAN"]
[BlackTeam "RUS"]
[WhiteClock "0:00:06"]
[BlackClock "0:00:07"]
[Variant "Standard"]

1. d4 {[%clk 0:03:00]}  d5 {[%clk 0:02:59]} 2. c4 {[%clk 0:03:00]}  e6 {[%clk 0:02:59]} 3. Nc3 {[%clk 0:03:00]}  Nf6 {[%clk 0:02:58]} 4. cxd5 {[%clk 0:03:01]}  exd5 {[%clk 0:02:57]} 5. Bg5 {[%clk 0:03:01]}  Nbd7 {[%clk 0:02:56]} 6. e3 {[%clk 0:03:00]}  c6 {[%clk 0:02:56]} 7. Bd3 {[%clk 0:03:00]}  Be7 {[%clk 0:02:56]} 8. Qc2 {[%clk 0:03:00]}  h6 {[%clk 0:02:56]} 9. Bh4 {[%clk 0:03:00]}  Nh5 {[%clk 0:02:57]} 10. Bxe7 {[%clk 0:03:00]}  Qxe7 {[%clk 0:02:58]} 11. Nge2 {[%clk 0:03:00]}  Nb6 {[%clk 0:02:53]} 12. O-O {[%clk 0:02:59]}  O-O {[%clk 0:02:52]} 13. Rae1 {[%clk 0:02:58]}  Bd7 {[%clk 0:02:49]} 14. Nc1 {[%clk 0:02:57]}  Rae8 {[%clk 0:02:39]} 15. f3 {[%clk 0:02:55]}  f5 {[%clk 0:02:36]} 16. Qf2 {[%clk 0:02:51]}  Nc8 {[%clk 0:02:27]} 17. Nb3 {[%clk 0:02:30]}  Nd6 {[%clk 0:02:27]} 18. Nd2 {[%clk 0:02:30]}  Nf6 {[%clk 0:01:52]} 19. Re2 {[%clk 0:02:12]}  b6 {[%clk 0:01:43]} 20. Rd1 {[%clk 0:02:07]}  Qf7 {[%clk 0:01:39]} 21. Nb3 {[%clk 0:02:03]}  Re6 {[%clk 0:01:32]} 22. Rde1 {[%clk 0:01:49]}  Rfe8 {[%clk 0:01:31]} 23. Nd2 {[%clk 0:01:49]}  R6e7 {[%clk 0:01:23]} 24. Nf1 {[%clk 0:01:47]}  g6 {[%clk 0:01:15]} 25. Rc2 {[%clk 0:01:45]}  Kg7 {[%clk 0:01:14]} 26. Ne2 {[%clk 0:01:44]}  Nh5 {[%clk 0:01:13]} 27. Rcc1 {[%clk 0:01:36]}  Rf8 {[%clk 0:01:12]} 28. Neg3 {[%clk 0:01:33]}  Nxg3 {[%clk 0:01:09]} 29. Nxg3 {[%clk 0:01:33]}  f4 {[%clk 0:01:04]} 30. exf4 {[%clk 0:01:27]}  Rxe1+ {[%clk 0:01:03]} 31. Rxe1 {[%clk 0:01:27]}  Qxf4 {[%clk 0:01:00]} 32. Qe3 {[%clk 0:01:20]}  Qxe3+ {[%clk 0:00:59]} 33. Rxe3 {[%clk 0:01:21]}  Re8 {[%clk 0:00:58]} 34. Kf2 {[%clk 0:01:21]}  Rxe3 {[%clk 0:00:54]} 35. Kxe3 {[%clk 0:01:22]}  Kf6 {[%clk 0:00:49]} 36. h4 {[%clk 0:01:21]}  Be8 {[%clk 0:00:47]} 37. Kf4 {[%clk 0:01:19]}  g5+ {[%clk 0:00:46]} 38. hxg5+ {[%clk 0:01:19]}  hxg5+ {[%clk 0:00:47]} 39. Ke3 {[%clk 0:01:19]}  c5 {[%clk 0:00:47]} 40. Ne2 {[%clk 0:01:13]}  Bd7 {[%clk 0:00:44]} 41. Nc3 {[%clk 0:01:11]}  Be6 {[%clk 0:00:41]} 42. g3 {[%clk 0:01:09]}  c4 {[%clk 0:00:29]} 43. Bc2 {[%clk 0:01:08]}  b5 {[%clk 0:00:28]} 44. b3 {[%clk 0:00:48]}  a6 {[%clk 0:00:23]} 45. a3 {[%clk 0:00:43]}  Bf7 {[%clk 0:00:18]} 46. b4 {[%clk 0:00:37]}  Be6 {[%clk 0:00:18]} 47. f4 {[%clk 0:00:35]}  gxf4+ {[%clk 0:00:18]} 48. Kxf4 {[%clk 0:00:36]}  Bf7 {[%clk 0:00:16]} 49. g4 {[%clk 0:00:33]}  Ke6 {[%clk 0:00:14]} 50. g5 {[%clk 0:00:30]}  Ne8 {[%clk 0:00:14]} 51. Bf5+ {[%clk 0:00:29]}  Kd6 {[%clk 0:00:14]} 52. g6 {[%clk 0:00:29]}  Bg8 {[%clk 0:00:14]} 53. Kg5 {[%clk 0:00:30]}  Ng7 {[%clk 0:00:14]} 54. Bg4 {[%clk 0:00:24]}  Ke7 {[%clk 0:00:14]} 55. Bc8 {[%clk 0:00:20]}  Be6 {[%clk 0:00:14]} 56. Bxa6 {[%clk 0:00:19]}  Kd6 {[%clk 0:00:12]} 57. Bxb5 {[%clk 0:00:18]}  Bg8 {[%clk 0:00:13]} 58. a4 {[%clk 0:00:18]}  Ne6+ {[%clk 0:00:13]} 59. Kf6 {[%clk 0:00:17]}  Nxd4 {[%clk 0:00:14]} 60. a5 {[%clk 0:00:17]}  Ne6 {[%clk 0:00:12]} 61. a6 {[%clk 0:00:15]}  Nc7 {[%clk 0:00:11]} 62. a7 {[%clk 0:00:14]}  d4 {[%clk 0:00:11]} 63. Ne4+ {[%clk 0:00:13]}  Kd5 {[%clk 0:00:08]} 64. Bxc4+ {[%clk 0:00:11]}  Kxc4 {[%clk 0:00:08]} 65. Ke5 {[%clk 0:00:11]}  d3 {[%clk 0:00:08]} 66. Kd6 {[%clk 0:00:10]}  Nb5+ {[%clk 0:00:08]} 67. Ke7 {[%clk 0:00:09]}  Nxa7 {[%clk 0:00:09]} 68. Kf8 {[%clk 0:00:09]}  Be6 {[%clk 0:00:09]} 69. g7 {[%clk 0:00:09]}  Kxb4 {[%clk 0:00:09]} 70. Ke7 {[%clk 0:00:09]}  Bc4 {[%clk 0:00:08]} 71. Nd2 {[%clk 0:00:09]}  Ba2 {[%clk 0:00:08]} 72. Kd6 {[%clk 0:00:08]}  Kc3 {[%clk 0:00:08]} 73. Ne4+ {[%clk 0:00:08]}  Kd4 {[%clk 0:00:08]} 74. Nd2 {[%clk 0:00:08]}  Nb5+ {[%clk 0:00:08]} 75. Kc6 {[%clk 0:00:07]}  Nc3 {[%clk 0:00:09]} 76. Nf3+ {[%clk 0:00:06]}  Ke3 {[%clk 0:00:08]} 77. Ne5 {[%clk 0:00:04]}  d2 {[%clk 0:00:08]} 78. Kc5 {[%clk 0:00:04]}  d1=Q {[%clk 0:00:08]} 79. Nc4+ {[%clk 0:00:05]}  Bxc4 {[%clk 0:00:07]} 80. Kxc4 {[%clk 0:00:06]} 0-1

[Event "April 9 Early 2024"]
[Site "Chess.com"]
[Date "2024.04.09"]
[Round "9"]
[White "Rosh Jain"]
[Black "Palencia Morales, Wilson Guillermo"]
[Result "0-1"]
[Board "112"]
[WhiteFideId "25789465"]
[BlackFideId "4401859"]
[WhiteTitle "FM"]
[BlackTitle "IM"]
[WhiteElo "2460"]
[BlackElo "2593"]
[WhiteTeam "IND"]
[BlackTeam "COL"]
[WhiteClock "0:01:33"]
[BlackClock "0:00:24"]
[Variant "Standard"]

1. e4 {[%clk 0:03:00]}  c5 {[%clk 0:02:17]} 2. Nf3 {[%clk 0:02:59]}  d6 {[%clk 0:02:18]} 3. d4 {[%clk 0:02:56]}  cxd4 {[%clk 0:02:19]} 4. Nxd4 {[%clk 0:02:57]}  Nf6 {[%clk 0:02:16]} 5. Nc3 {[%clk 0:02:56]}  g6 {[%clk 0:02:12]} 6. Be3 {[%clk 0:02:52]}  Bg7 {[%clk 0:02:11]} 7. f3 {[%clk 0:02:49]}  O-O {[%clk 0:02:09]} 8. Qd2 {[%clk 0:02:48]}  Nc6 {[%clk 0:02:10]} 9. Bc4 {[%clk 0:02:47]}  Ne5 {[%clk 0:01:41]} 10. Bb3 {[%clk 0:02:44]}  Bd7 {[%clk 0:01:41]} 11. O-O-O {[%clk 0:02:43]}  Rc8 {[%clk 0:01:40]} 12. h4 {[%clk 0:02:41]}  h5 {[%clk 0:01:40]} 13. Bh6 {[%clk 0:02:38]}  Bxh6 {[%clk 0:01:38]} 14. Qxh6 {[%clk 0:02:36]}  Rxc3 {[%clk 0:01:39]} 15. bxc3 {[%clk 0:02:33]}  Qc7 {[%clk 0:01:32]} 16. Ne2 {[%clk 0:02:17]}  a5 {[%clk 0:01:30]} 17. a4 {[%clk 0:02:14]}  Qc5 {[%clk 0:01:29]} 18. g4 {[%clk 0:01:57]}  Bxa4 {[%clk 0:01:23]} 19. gxh5 {[%clk 0:01:48]}  Qa3+ {[%clk 0:01:14]} 20. Kd2 {[%clk 0:01:45]}  Nxf3+ {[%clk 0:01:08]} 21. Kd3 {[%clk 0:01:45]}  Bb5+ {[%clk 0:00:51]} 22. c4 {[%clk 0:01:43]}  Bxc4+ {[%clk 0:00:49]} 23. Kxc4 {[%clk 0:01:41]}  Qb4+ {[%clk 0:00:35]} 24. Kd3 {[%clk 0:01:38]}  Ne5+ {[%clk 0:00:35]} 25. Ke3 {[%clk 0:01:34]}  Nfg4+ {[%clk 0:00:27]} 26. Kf4 {[%clk 0:01:33]}  Nxh6 {[%clk 0:00:24]} 0-1

[Event "April 9 Early 2024"]
[Site "Chess.com"]
[Date "2024.04.09"]
[Round "9"]
[White "Jimenez Almeida, Luis David"]
[Black "George Samir, David"]
[Result "0-1"]
[Board "118"]
[WhiteFideId "22242244"]
[BlackFideId "10657789"]
[WhiteTitle "FM"]
[BlackTitle "FM"]
[WhiteElo "2558"]
[BlackElo "2390"]
[WhiteTeam "ESP"]
[BlackTeam "EGY"]
[WhiteClock "0:00:03"]
[BlackClock "0:00:03"]
[Variant "Standard"]

1. e4 {[%clk 0:03:00]}  c5 {[%clk 0:02:59]} 2. Nc3 {[%clk 0:03:00]}  Nc6 {[%clk 0:02:58]} 3. g3 {[%clk 0:03:00]}  g6 {[%clk 0:02:56]} 4. Bg2 {[%clk 0:03:00]}  Bg7 {[%clk 0:02:56]} 5. d3 {[%clk 0:03:01]}  e5 {[%clk 0:02:56]} 6. Be3 {[%clk 0:03:01]}  d6 {[%clk 0:02:56]} 7. Qd2 {[%clk 0:03:01]}  Nge7 {[%clk 0:02:39]} 8. Bh6 {[%clk 0:02:59]}  O-O {[%clk 0:02:39]} 9. h4 {[%clk 0:02:57]}  Nd4 {[%clk 0:02:29]} 10. O-O-O {[%clk 0:02:55]}  f6 {[%clk 0:02:11]} 11. h5 {[%clk 0:02:32]}  g5 {[%clk 0:02:07]} 12. Bxg7 {[%clk 0:02:31]}  Kxg7 {[%clk 0:02:08]} 13. f4 {[%clk 0:02:31]}  h6 {[%clk 0:02:06]} 14. Rf1 {[%clk 0:02:22]}  Be6 {[%clk 0:01:59]} 15. Nh3 {[%clk 0:02:21]}  Nec6 {[%clk 0:01:57]} 16. Nd5 {[%clk 0:02:15]}  Bxd5 {[%clk 0:00:58]} 17. exd5 {[%clk 0:02:16]}  Nb4 {[%clk 0:00:58]} 18. c3 {[%clk 0:01:59]}  Qa5 {[%clk 0:00:57]} 19. cxd4 {[%clk 0:01:34]}  Qxa2 {[%clk 0:00:21]} 20. Kd1 {[%clk 0:01:27]}  exd4 {[%clk 0:00:12]} 21. Ke2 {[%clk 0:01:15]}  Rae8+ {[%clk 0:00:09]} 22. Kf3 {[%clk 0:01:15]}  Qxd5+ {[%clk 0:00:07]} 23. Kf2 {[%clk 0:01:13]}  Qb3 {[%clk 0:00:07]} 24. Rd1 {[%clk 0:00:47]}  Re3 {[%clk 0:00:04]} 25. Bf1 {[%clk 0:00:29]}  g4 {[%clk 0:00:04]} 26. Ng1 {[%clk 0:00:27]}  Rfe8 {[%clk 0:00:04]} 27. f5 {[%clk 0:00:24]}  Qd5 {[%clk 0:00:04]} 28. Rh4 {[%clk 0:00:24]}  Qxf5+ {[%clk 0:00:04]} 29. Kg2 {[%clk 0:00:21]}  Qd5+ {[%clk 0:00:02]} 30. Kh2 {[%clk 0:00:21]}  f5 {[%clk 0:00:03]} 31. Bg2 {[%clk 0:00:20]}  Qe6 {[%clk 0:00:03]} 32. Bf1 {[%clk 0:00:17]}  Qb3 {[%clk 0:00:03]} 33. Ra1 {[%clk 0:00:12]}  a6 {[%clk 0:00:03]} 34. Ne2 {[%clk 0:00:09]}  Rxd3 {[%clk 0:00:02]} 35. Qe1 {[%clk 0:00:07]}  Rde3 {[%clk 0:00:03]} 36. Qf2 {[%clk 0:00:08]}  Nd3 {[%clk 0:00:03]} 37. Qg2 {[%clk 0:00:07]}  Qe6 {[%clk 0:00:02]} 38. Nf4 {[%clk 0:00:07]}  Nxf4 {[%clk 0:00:02]} 39. gxf4 {[%clk 0:00:08]}  Re4 {[%clk 0:00:02]} 40. Qg3 {[%clk 0:00:07]}  Qf6 {[%clk 0:00:02]} 41. Bg2 {[%clk 0:00:07]}  Re3 {[%clk 0:00:03]} 42. Qf2 {[%clk 0:00:03]}  g3+ {[%clk 0:00:03]} 0-1

[Event "April 9 Early 2024"]
[Site "Chess.com"]
[Date "2024.04.09"]
[Round "9"]
[White "Yezhel, Valiantsin"]
[Black "Smietanska, Wiktoria"]
[Result "1-0"]
[Board "120"]
[WhiteFideId "13504983"]
[BlackFideId "21869359"]
[WhiteTitle "FM"]
[BlackTitle "CM"]
[WhiteElo "2555"]
[BlackElo "2374"]
[WhiteTeam "FID"]
[BlackTeam "POL"]
[WhiteClock "0:00:18"]
[BlackClock "0:00:03"]
[Variant "Standard"]

1. d4 {[%clk 0:03:00]}  Nf6 {[%clk 0:02:56]} 2. Bf4 {[%clk 0:03:00]}  d5 {[%clk 0:02:55]} 3. e3 {[%clk 0:03:01]}  c5 {[%clk 0:02:55]} 4. c3 {[%clk 0:02:57]}  Nc6 {[%clk 0:02:51]} 5. Nd2 {[%clk 0:02:57]}  Qb6 {[%clk 0:02:46]} 6. Qb3 {[%clk 0:02:55]}  c4 {[%clk 0:02:41]} 7. Qc2 {[%clk 0:02:55]}  g6 {[%clk 0:02:28]} 8. h3 {[%clk 0:02:54]}  Bf5 {[%clk 0:02:26]} 9. Qc1 {[%clk 0:02:54]}  Bg7 {[%clk 0:02:19]} 10. Ngf3 {[%clk 0:02:54]}  O-O {[%clk 0:02:13]} 11. b3 {[%clk 0:02:54]}  cxb3 {[%clk 0:02:10]} 12. axb3 {[%clk 0:02:55]}  Rac8 {[%clk 0:02:09]} 13. Qb2 {[%clk 0:02:53]}  Nb4 {[%clk 0:01:32]} 14. cxb4 {[%clk 0:02:40]}  Rc2 {[%clk 0:01:31]} 15. Qa3 {[%clk 0:02:40]}  Rfc8 {[%clk 0:01:30]} 16. Be2 {[%clk 0:02:31]}  Ne4 {[%clk 0:01:24]} 17. O-O {[%clk 0:01:47]}  Nxd2 {[%clk 0:01:22]} 18. Nxd2 {[%clk 0:01:48]}  Rxd2 {[%clk 0:01:22]} 19. Bf3 {[%clk 0:01:48]}  e6 {[%clk 0:01:18]} 20. Qxa7 {[%clk 0:01:48]}  Qxb4 {[%clk 0:01:15]} 21. Rfc1 {[%clk 0:01:40]}  Bc2 {[%clk 0:01:01]} 22. Qa5 {[%clk 0:00:47]}  Qxa5 {[%clk 0:00:38]} 23. Rxa5 {[%clk 0:00:48]}  h6 {[%clk 0:00:30]} 24. Rb5 {[%clk 0:00:39]}  g5 {[%clk 0:00:29]} 25. Bd6 {[%clk 0:00:33]}  Bf8 {[%clk 0:00:23]} 26. Bxf8 {[%clk 0:00:32]}  Kxf8 {[%clk 0:00:21]} 27. Rxb7 {[%clk 0:00:33]}  Ra8 {[%clk 0:00:15]} 28. Bh5 {[%clk 0:00:30]}  f5 {[%clk 0:00:09]} 29. Rf7+ {[%clk 0:00:28]}  Kg8 {[%clk 0:00:09]} 30. Rc7 {[%clk 0:00:28]}  Ra2 {[%clk 0:00:08]} 31. Bf7+ {[%clk 0:00:26]}  Kf8 {[%clk 0:00:08]} 32. Bxe6 {[%clk 0:00:26]}  Bxb3 {[%clk 0:00:08]} 33. Rb7 {[%clk 0:00:22]}  Bc2 {[%clk 0:00:06]} 34. Bxd5 {[%clk 0:00:20]}  Ra5 {[%clk 0:00:05]} 35. Bb3 {[%clk 0:00:18]}  Bxb3 {[%clk 0:00:03]} 36. Rc8# {[%clk 0:00:18]} 1-0

[Event "April 9 Early 2024"]
[Site "Chess.com"]
[Date "2024.04.09"]
[Round "9"]
[White "Myagmarsuren, Evsuld"]
[Black "Banerjee, Supratit"]
[Result "0-1"]
[Board "121"]
[WhiteFideId "1551639"]
[BlackFideId "2410079"]
[WhiteTitle "CM"]
[BlackTitle "CM"]
[WhiteElo "2365"]
[BlackElo "2555"]
[WhiteTeam "NOR"]
[BlackTeam "ENG"]
[WhiteClock "0:00:04"]
[BlackClock "0:00:07"]
[Variant "Standard"]

1. e4 {[%clk 0:03:00]}  e6 {[%clk 0:02:57]} 2. d4 {[%clk 0:03:00]}  d5 {[%clk 0:02:56]} 3. e5 {[%clk 0:03:00]}  c5 {[%clk 0:02:56]} 4. c3 {[%clk 0:03:01]}  Nc6 {[%clk 0:02:56]} 5. Nf3 {[%clk 0:03:01]}  Qb6 {[%clk 0:02:57]} 6. Bd3 {[%clk 0:03:01]}  Bd7 {[%clk 0:02:57]} 7. O-O {[%clk 0:03:01]}  cxd4 {[%clk 0:02:56]} 8. cxd4 {[%clk 0:03:02]}  Rc8 {[%clk 0:02:55]} 9. Nbd2 {[%clk 0:03:03]}  Nge7 {[%clk 0:02:54]} 10. a3 {[%clk 0:03:02]}  h6 {[%clk 0:02:54]} 11. Re1 {[%clk 0:02:56]}  Nf5 {[%clk 0:02:51]} 12. Bxf5 {[%clk 0:02:39]}  exf5 {[%clk 0:02:52]} 13. b4 {[%clk 0:02:27]}  Be6 {[%clk 0:02:44]} 14. Nb3 {[%clk 0:02:25]}  Be7 {[%clk 0:02:41]} 15. Nc5 {[%clk 0:02:24]}  O-O {[%clk 0:02:38]} 16. h3 {[%clk 0:02:21]}  a5 {[%clk 0:02:33]} 17. Bd2 {[%clk 0:02:06]}  axb4 {[%clk 0:02:16]} 18. axb4 {[%clk 0:02:05]}  Qc7 {[%clk 0:02:12]} 19. Qb3 {[%clk 0:01:48]}  b6 {[%clk 0:01:43]} 20. Na6 {[%clk 0:01:40]}  Qd7 {[%clk 0:01:40]} 21. b5 {[%clk 0:01:28]}  Na7 {[%clk 0:01:37]} 22. Rab1 {[%clk 0:01:28]}  Rc4 {[%clk 0:01:34]} 23. Rec1 {[%clk 0:00:25]}  Ra8 {[%clk 0:01:28]} 24. Rxc4 {[%clk 0:00:02]}  dxc4 {[%clk 0:01:27]} 25. Qa4 {[%clk 0:00:02]}  Qb7 {[%clk 0:01:11]} 26. Bb4 {[%clk 0:00:02]}  Bd8 {[%clk 0:00:55]} 27. Bd6 {[%clk 0:00:01]}  Nxb5 {[%clk 0:00:48]} 28. Qxb5 {[%clk 0:00:02]}  Qxa6 {[%clk 0:00:45]} 29. Qe8+ {[%clk 0:00:02]}  Kh7 {[%clk 0:00:43]} 30. d5 {[%clk 0:00:01]}  Bxd5 {[%clk 0:00:37]} 31. Nd4 {[%clk 0:00:02]}  Bg5 {[%clk 0:00:27]} 32. Qd7 {[%clk 0:00:01]}  Qb7 {[%clk 0:00:25]} 33. Qxf5+ {[%clk 0:00:01]}  g6 {[%clk 0:00:24]} 34. Qg4 {[%clk 0:00:02]}  Be4 {[%clk 0:00:16]} 35. Re1 {[%clk 0:00:02]}  Bd3 {[%clk 0:00:14]} 36. h4 {[%clk 0:00:02]}  Be7 {[%clk 0:00:14]} 37. h5 {[%clk 0:00:01]}  Rg8 {[%clk 0:00:10]} 38. Bxe7 {[%clk 0:00:01]}  Qxe7 {[%clk 0:00:10]} 39. hxg6+ {[%clk 0:00:02]}  Rxg6 {[%clk 0:00:09]} 40. Qf3 {[%clk 0:00:03]}  Qd7 {[%clk 0:00:08]} 41. Nb5 {[%clk 0:00:01]}  Qxb5 {[%clk 0:00:07]} 42. Qxf7+ {[%clk 0:00:01]}  Rg7 {[%clk 0:00:07]} 43. Qf6 {[%clk 0:00:02]}  Qd5 {[%clk 0:00:07]} 44. f3 {[%clk 0:00:02]}  Qd4+ {[%clk 0:00:07]} 45. Kh2 {[%clk 0:00:02]}  Qd7 {[%clk 0:00:06]} 46. e6 {[%clk 0:00:02]}  Qc7+ {[%clk 0:00:06]} 47. f4 {[%clk 0:00:02]}  Qb7 {[%clk 0:00:04]} 48. Rg1 {[%clk 0:00:02]}  Qe7 {[%clk 0:00:03]} 49. Qxe7 {[%clk 0:00:01]}  Rxe7 {[%clk 0:00:04]} 50. Re1 {[%clk 0:00:01]}  Bf5 {[%clk 0:00:04]} 51. Re5 {[%clk 0:00:02]}  Kg6 {[%clk 0:00:04]} 52. Kg3 {[%clk 0:00:01]}  Rxe6 {[%clk 0:00:04]} 53. Kf3 {[%clk 0:00:02]}  Rxe5 {[%clk 0:00:04]} 54. fxe5 {[%clk 0:00:02]}  c3 {[%clk 0:00:05]} 55. Ke3 {[%clk 0:00:02]}  b5 {[%clk 0:00:05]} 56. g3 {[%clk 0:00:01]}  b4 {[%clk 0:00:05]} 57. Ke2 {[%clk 0:00:01]}  b3 {[%clk 0:00:06]} 58. Kf3 {[%clk 0:00:02]}  b2 {[%clk 0:00:06]} 59. g4 {[%clk 0:00:03]}  Be6 {[%clk 0:00:06]} 60. Ke3 {[%clk 0:00:02]}  b1=Q {[%clk 0:00:06]} 61. g5 {[%clk 0:00:03]}  c2 {[%clk 0:00:06]} 62. gxh6 {[%clk 0:00:04]}  c1=Q+ {[%clk 0:00:07]} 63. Kd4 {[%clk 0:00:04]}  Qb4+ {[%clk 0:00:06]} 64. Kd3 {[%clk 0:00:04]}  Qcd2# {[%clk 0:00:07]} 0-1

[Event "April 9 Early 2024"]
[Site "Chess.com"]
[Date "2024.04.09"]
[Round "9"]
[White "Kunz, Andre"]
[Black "Vovk, Orest"]
[Result "1-0"]
[Board "122"]
[WhiteFideId "24623652"]
[BlackFideId "14113490"]
[WhiteTitle "CM"]
[BlackTitle "FM"]
[WhiteElo "2351"]
[BlackElo "2548"]
[WhiteTeam "GER"]
[BlackTeam "UKR"]
[WhiteClock "0:00:27"]
[BlackClock "0:00:38"]
[Variant "Standard"]

1. e4 {[%clk 0:02:57]}  Nf6 {[%clk 0:02:50]} 2. Nc3 {[%clk 0:02:55]}  d5 {[%clk 0:02:45]} 3. exd5 {[%clk 0:02:55]}  Nxd5 {[%clk 0:02:44]} 4. Nf3 {[%clk 0:02:51]}  Bg4 {[%clk 0:02:43]} 5. Be2 {[%clk 0:02:51]}  Nc6 {[%clk 0:02:43]} 6. O-O {[%clk 0:02:51]}  Nxc3 {[%clk 0:02:42]} 7. bxc3 {[%clk 0:02:51]}  Qd5 {[%clk 0:02:43]} 8. Ba3 {[%clk 0:02:43]}  O-O-O {[%clk 0:02:42]} 9. Rb1 {[%clk 0:02:21]}  e6 {[%clk 0:02:25]} 10. Bxf8 {[%clk 0:02:19]}  Rhxf8 {[%clk 0:02:23]} 11. a4 {[%clk 0:02:10]}  Bxf3 {[%clk 0:02:08]} 12. Bxf3 {[%clk 0:02:10]}  Qxd2 {[%clk 0:02:09]} 13. Bxc6 {[%clk 0:02:09]}  bxc6 {[%clk 0:02:05]} 14. Qf3 {[%clk 0:02:09]}  Qd5 {[%clk 0:02:03]} 15. Qe3 {[%clk 0:02:05]}  Rd6 {[%clk 0:01:50]} 16. Qxa7 {[%clk 0:01:56]}  Kd7 {[%clk 0:01:44]} 17. h3 {[%clk 0:01:46]}  Rc8 {[%clk 0:01:41]} 18. a5 {[%clk 0:01:38]}  c5 {[%clk 0:01:34]} 19. Rfd1 {[%clk 0:01:21]}  Ra8 {[%clk 0:01:21]} 20. Rxd5 {[%clk 0:01:14]}  Rxa7 {[%clk 0:01:20]} 21. Rxc5 {[%clk 0:01:14]}  Rd5 {[%clk 0:01:14]} 22. Rxd5+ {[%clk 0:01:02]}  exd5 {[%clk 0:01:14]} 23. Ra1 {[%clk 0:00:51]}  Kc6 {[%clk 0:01:13]} 24. Kf1 {[%clk 0:00:51]}  Kb5 {[%clk 0:01:13]} 25. Rb1+ {[%clk 0:00:49]}  Kxa5 {[%clk 0:01:13]} 26. Ke2 {[%clk 0:00:44]}  Ka6 {[%clk 0:01:04]} 27. Ra1+ {[%clk 0:00:31]}  Kb6 {[%clk 0:01:03]} 28. Rxa7 {[%clk 0:00:31]}  Kxa7 {[%clk 0:01:04]} 29. Kd3 {[%clk 0:00:30]}  Kb6 {[%clk 0:01:03]} 30. Kd4 {[%clk 0:00:28]}  Kc6 {[%clk 0:01:01]} 31. f4 {[%clk 0:00:28]}  Kd6 {[%clk 0:00:57]} 32. c4 {[%clk 0:00:28]}  c5+ {[%clk 0:00:55]} 33. Kd3 {[%clk 0:00:27]}  d4 {[%clk 0:00:54]} 34. Ke4 {[%clk 0:00:28]}  Ke6 {[%clk 0:00:53]} 35. g4 {[%clk 0:00:28]}  f5+ {[%clk 0:00:50]} 36. gxf5+ {[%clk 0:00:28]}  Kf6 {[%clk 0:00:50]} 37. Kd5 {[%clk 0:00:27]}  Kxf5 {[%clk 0:00:48]} 38. Kxc5 {[%clk 0:00:28]}  Kxf4 {[%clk 0:00:47]} 39. Kxd4 {[%clk 0:00:27]}  g5 {[%clk 0:00:47]} 40. c5 {[%clk 0:00:27]}  Kf5 {[%clk 0:00:44]} 41. Kd5 {[%clk 0:00:27]}  Kf6 {[%clk 0:00:42]} 42. Kd6 {[%clk 0:00:27]}  h5 {[%clk 0:00:40]} 43. c6 {[%clk 0:00:27]}  g4 {[%clk 0:00:38]} 44. hxg4 {[%clk 0:00:27]} 1-0

[Event "April 9 Early 2024"]
[Site "Chess.com"]
[Date "2024.04.09"]
[Round "9"]
[White "Skiadopoulos, Nikolaos"]
[Black "Kovalevsky, Stanislav"]
[Result "1-0"]
[Board "127"]
[WhiteFideId "4200772"]
[BlackFideId "13508598"]
[WhiteTitle "CM"]
[BlackTitle "FM"]
[WhiteElo "1924"]
[BlackElo "2467"]
[WhiteTeam "GRE"]
[BlackTeam "FID"]
[WhiteClock "0:00:25"]
[BlackClock "0:00:24"]
[Variant "Standard"]

1. b4 {[%clk 0:03:00]}  d5 {[%clk 0:02:58]} 2. Bb2 {[%clk 0:02:58]}  Nf6 {[%clk 0:02:56]} 3. Nf3 {[%clk 0:02:56]}  a5 {[%clk 0:02:57]} 4. b5 {[%clk 0:02:55]}  c6 {[%clk 0:02:56]} 5. a4 {[%clk 0:02:54]}  e6 {[%clk 0:02:56]} 6. e3 {[%clk 0:02:52]}  Nbd7 {[%clk 0:02:55]} 7. Be2 {[%clk 0:02:48]}  Bd6 {[%clk 0:02:55]} 8. O-O {[%clk 0:02:47]}  e5 {[%clk 0:02:54]} 9. d4 {[%clk 0:02:43]}  e4 {[%clk 0:02:54]} 10. Ne5 {[%clk 0:02:43]}  c5 {[%clk 0:02:50]} 11. Nxd7 {[%clk 0:02:38]}  Qxd7 {[%clk 0:02:44]} 12. dxc5 {[%clk 0:02:37]}  Bxc5 {[%clk 0:02:45]} 13. c4 {[%clk 0:02:35]}  dxc4 {[%clk 0:02:33]} 14. Bxc4 {[%clk 0:02:32]}  O-O {[%clk 0:02:33]} 15. Qxd7 {[%clk 0:02:28]}  Bxd7 {[%clk 0:02:32]} 16. Nc3 {[%clk 0:02:28]}  Rac8 {[%clk 0:02:26]} 17. Nd5 {[%clk 0:02:21]}  Ne8 {[%clk 0:02:07]} 18. Rac1 {[%clk 0:01:46]}  Be6 {[%clk 0:02:06]} 19. Nf4 {[%clk 0:01:34]}  Bf5 {[%clk 0:01:55]} 20. Bd5 {[%clk 0:01:29]}  b6 {[%clk 0:01:55]} 21. h3 {[%clk 0:01:25]}  h6 {[%clk 0:01:54]} 22. g4 {[%clk 0:01:21]}  Bh7 {[%clk 0:01:54]} 23. Rc4 {[%clk 0:01:05]}  Nd6 {[%clk 0:01:52]} 24. Rcc1 {[%clk 0:00:46]}  Kh8 {[%clk 0:01:49]} 25. Nh5 {[%clk 0:00:43]}  f6 {[%clk 0:01:43]} 26. Nf4 {[%clk 0:00:43]}  f5 {[%clk 0:01:31]} 27. g5 {[%clk 0:00:37]}  hxg5 {[%clk 0:01:28]} 28. Ne6 {[%clk 0:00:37]}  Rf6 {[%clk 0:00:57]} 29. Bxf6 {[%clk 0:00:35]}  gxf6 {[%clk 0:00:57]} 30. Nxc5 {[%clk 0:00:35]}  bxc5 {[%clk 0:00:56]} 31. b6 {[%clk 0:00:34]}  Bg8 {[%clk 0:00:56]} 32. Rfd1 {[%clk 0:00:31]}  Bxd5 {[%clk 0:00:37]} 33. Rxd5 {[%clk 0:00:30]}  Rc6 {[%clk 0:00:38]} 34. Rb1 {[%clk 0:00:26]}  Kg7 {[%clk 0:00:24]} 35. Rxd6 {[%clk 0:00:25]}  Rxd6 {[%clk 0:00:24]} 36. b7 {[%clk 0:00:25]} 1-0